Loretta Lynn : (Record no. 454)

MARC details
000 -LEADER
fixed length control field 00854cam a2200289 i 4500
005 - DATE AND TIME OF LATEST TRANSACTION
control field 20260322212020.0
008 - FIXED-LENGTH DATA ELEMENTS--GENERAL INFORMATION
fixed length control field data
010 ## - LIBRARY OF CONGRESS CONTROL NUMBER
LC control number 75032976
020 ## - INTERNATIONAL STANDARD BOOK NUMBER
International Standard Book Number 0809281228
020 ## - INTERNATIONAL STANDARD BOOK NUMBER
International Standard Book Number 9780809281220
040 ## - CATALOGING SOURCE
Original cataloging agency DLC
Transcribing agency DLC
Modifying agency DLC
043 ## - GEOGRAPHIC AREA CODE
Geographic area code n-us---
050 00 - LIBRARY OF CONGRESS CALL NUMBER
Classification number ML420.L947
Item number A3
082 00 - DEWEY DECIMAL CLASSIFICATION NUMBER
Classification number B
-- B
001 - CONTROL NUMBER
control field data
100 1# - MAIN ENTRY--PERSONAL NAME
Personal name Lynn, Loretta.
245 10 - TITLE STATEMENT
Title Loretta Lynn :
Remainder of title Coal miner's daughter /
Statement of responsibility, etc. Loretta Lynn & George Vecsey.
260 ## - PUBLICATION, DISTRIBUTION, ETC.
Place of publication, distribution, etc. Chicago :
Name of publisher, distributor, etc. Regnery,
Date of publication, distribution, etc. c1976.
300 ## - PHYSICAL DESCRIPTION
Extent xiv, 204 p., [8] leaves of plates :
Other physical details ill. ;
Dimensions 24 cm.
500 ## - GENERAL NOTE
General note "A Bernard Geis Associates book."
500 ## - GENERAL NOTE
General note Includes index.
600 10 - SUBJECT ADDED ENTRY--PERSONAL NAME
Personal name Lynn, Loretta.
650 #0 - SUBJECT ADDED ENTRY--TOPICAL TERM
Topical term or geographic name entry element Country musicians
Form subdivision Biography.
Geographic subdivision United States
700 1# - ADDED ENTRY--PERSONAL NAME
Personal name Vecsey, George.
906 ## - LOCAL DATA ELEMENT F, LDF (RLIN)
a 7
b cbc
c orignew
d 1
e ocip
f 19
g y-gencatlg
991 ## -
-- c-Music
-- ML420.L947
-- A3
-- Copy 1
-- BOOKS
Holdings
Withdrawn status Lost status Damaged status Not for loan Home library Current library Shelving location Date acquired Total checkouts Full call number Barcode Date last seen Price effective from Koha item type
        Pleasant Valley Pleasant Valley General stacks 22/03/2026   784/.092/4 B BC0010465 22/03/2026 22/03/2026 Books